zpět

Detail výsledku týmu

Zenit Pivnice, Olomouc

Datum a čas kvízu

22.5 Celkem bodů Celkový počet nahraných bodů na tomto kvízu bez doplňovacích otázek.
5. Pořadí na kvízu Konečné umístění týmu na tomto kvízu.

Zaznamenané odpovědi

# Otázka Odpověď Body Výsledky
1. Čtvrt roku byli na cestě a ura... D) Velorex 0
2. První dámu Francie Brigitte Ma... že je žena 0
3. Při oslavě osmistého výročí ji... v Hradci Králové 1
4. Finská firma Bluefors uzavřela... na Měsíci 0
5. Jak se jmenuje český skokan do... Jan Štefela 1
6. Ve spolupráci s Radou Evropy j... 1B 2C 3D 4A 1
7. Co znamená maďarské slovo hétf... pondělí 0
8. Jak se na V jmenuje autonomní... Vojvodina 0
9. Která z těchto knih nebyla nap... B 1
10. Pozoruhodným jazykem je velšti... křeček 0